000 00784nam a22002657a 4500
001 131359
003 UA-OsUOA
005 20220403215442.0
007 ta
008 20180604b un ||||| |||| 00| 0 ukr d
020 _a9669511933
040 _aUA-OsUOA
_bukr
_cUA-OsUOA
_dUA-OsUOA
041 _aukr
080 _a94(477).094
090 _a94(477).094
_bЛ67
245 _aЛітопис Голготи України
_cупоряд. В. Цвєтков
260 _aЛьвів
_bСполом
_c1993
300 _a246 с.
505 _gТ. 1
650 7 _a9 Географія. Біографії. Історія
_2UDC
700 1 _aЦвєтков В.
_eупоряд.
942 _cBK
_2udc
955 _a1
999 _c419663
_d419663